| 000 | 00501nam a2200205Ia 4500 | ||
|---|---|---|---|
| 003 | GCL | ||
| 008 | 140319s9999 xx 000 0 eng d | ||
| 040 |
_aGCL / _cGCL |
||
| 082 | 0 | 4 |
_a658.1554 _bI P |
| 100 | 1 | _aISAAC, DAVID | |
| 245 | 1 | 0 |
_aPROPERITY VALUATION TECHNIQUES / _cISAAC, DAVID |
| 700 | 1 | _aSTELEY, TERRY | |
| 260 |
_a[S.N] : _bMACMILIAN ، _c1991 |
||
| 300 | _a167 P | ||
| 650 | 0 | 4 | _aMANAGEMENT |
| 650 | 0 | 4 | _aFINANCE |
| 650 | 0 | 4 | _aBUSINESS |
| 650 | 0 | 4 | _aINVESTMENTS |
| 942 |
_2ddc _cBK |
||
| 999 |
_c21394 _d21394 |
||